000 00572 a2200193 4500
001 41334
005 20260407155707.0
008 260407a1999 arg spa d
003 AR-UNSa-BCEJYS
040 _aAR-UNSa-BCEJYS
_bspa
_cAR-UNSa-BCEJYS
080 _a347.925
_xConciliación. Avenencia (Mediación)
245 1 0 _aMediación y conciliación según la jurisprudencia
_plegislación
264 1 _aBuenos Aires :
_bAD-HOC
_c1999
300 _a48 p.
_c22 cm.
041 _aspa
942 _cBK
590 _aniveau_biblio:m niveau_hierar:0
100 1 _aRufino, Marco A.
999 _c3468
_d3468